000 01144nam0a22003131 4500
001 v19\rc\1753783
005 20250619115757.0
035 _a(NLR Aleph) 004895402
090 _a5316056
_c5316056
100 _a20061204e19021902|||y0rusy50 ca
101 0 _arus
102 _aRU
105 _ay z |||||
200 1 _aК казуистике внеполового сифилиса
_f[Соч.] М.А. Членова
_gИз Мясниц. больницы в Москве
210 _a[Санкт-Петербург]
_cтип. Я. Трей
_dценз. 1902
215 _a14 с.
_d22
309 _aБез тит. л. и обл.
311 _aОтт. из "Рус. врача" № 30. 1902
488 0 _12001#$aРусский врач$v1902, № 30
_tРусский врач
700 1 _4070
_7ca
_8rus
_aЧленов
_bМ. А.
_f1871-1941
_gМихаил Александрович
_92642826
_3RU\NLR\AUTH\770273269
801 0 _aRU
_bNLR
_gpsbo
801 0 _aRU
_bRuMoRGB
_2psbo
801 1 _aRU
_bProSoft-M
_2rusmarc
852 _aNLR
_j34.82.7.189
899 _aRuMoRGB
_jU 6/1651
899 _aБАН
942 _cBOOK
980 _aNB